Les films avec Vincent Cassel - Statistiques

Statistiques générales
  • Ce quiz a été pris 19 fois
  • Le résultat moyen est 7 sur 20
Statistiques - réponses
Hint Réponse % Correct
Un banlieusard qui va passer la nuit à Paris La Haine
94%
Un maître de ballet tyrannique Black Swan
72%
Athos Les Trois Mousquetaires
67%
Un éducateur dans un centre pour personnes autistes Hors normes
56%
Marcus, dont la compagne a été violé, cherche ''Le Tenia'' dans la boîte de nuit ''Le Rectum'' Irréversible
50%
Un père de famille dont la fille adolescente de son meilleur ami tombe amoureuse Un moment d'égarement
50%
Un jeune lieutnenant qui enquête sur la mort d'un bibliothécaire de fac Les Rivières pourpres
44%
Un chef de gang au nom de chien Doberman
39%
Un campagnard flippant Sheitan
39%
Giorgio, un mari prit dans une relation étouffante et destructrice Mon roi
33%
Un ancien délinquant employé dans une agence immobilière et dont la responsable est malentendante Sur mes lèvres
33%
Jacques Mesrine ( Titre premier film) L'Ennemi public numéro 1
28%
Jean-François de Morangias, fils d'un noble du XVIIIe siècles Le Pacte des loups
28%
Gilles de Raie Jeanne d'Arc
17%
Un membre de la famille qui apprend la maladie incurable de son frère Juste la fin du monde
17%
Un personnage Disney La Belle et la Bête
17%
Un futur marié qui tombe par hasard sur son ex avant de partir au Japon L'Appartement
17%
Le fils d'un parrain de la mafia russe prêt a tout pour récupérer un journal intime Les Promesses de l'ombre
17%
Un escroc français surnommé ''Le Renard de la Nuit'' Ocean's Twelve
17%
Eugène-François Vidocq L'Empereur de Paris
11%
Aucun quiz correspondant
Distribution des résultats
% des personnes avec chaque résultat
Percentile par nombre de réponses
Votre historique - résultats
Vous n’avez pas pris ce quiz